Cvičení na velkém míči

Enregistré dans:
Détails bibliographiques
Auteur principal: Jarkovská, Helena (Auteur)
Format: Livre
Langue:tchèque
Publié: Praha : Grada Publishing, 2007
Édition:1. vyd
Sujets:
Tags: Ajouter un tag
Pas de tags, Soyez le premier à ajouter un tag!

MARC

LEADER 00000nam a22000003a 4500
001 stu138898
005 20190206132436.0
008 070313s2007----xr------------------cze-d
020 |a 978-80-247-1451-7 
040 |a STU  |b slo 
041 0 |a cze 
044 |a xr 
080 |a 796.035 
100 1 |a Jarkovská, Helena  |4 aut 
245 1 |a Cvičení na velkém míči 
250 |a 1. vyd 
260 |a Praha :  |b Grada Publishing,  |c 2007 
300 |a 183 s 
650 7 |a šport  |2 stusub 
650 7 |a telesná výchova  |2 stusub 
650 7 |a fitlopta  |2 stusub 
996 |b 284M075889  |c M*12104-1  |l MMKN  |s A  |a 24  |w stu138898_0002